| 000 | 00605nam a22001937a 4500 | ||
|---|---|---|---|
| 999 |
_c20441 _d20441 |
||
| 003 | AR-CdUCM | ||
| 008 | 190530b ||||| |||| 00| 0 spa d | ||
| 040 |
_aMUNICIPALIDAD PROVINCIAL DEL CUSCO _cBIBLIOTECA MUNICIPAL DEL CUSCO |
||
| 082 |
_a625.7 / _bE21 |
||
| 100 |
_aEchegaray del Solar, M. E. _942741 |
||
| 245 | _aPavimentos / | ||
| 260 |
_aLima ; _c1962. |
||
| 300 |
_a156 páginas ; _c24 cm. |
||
| 505 | _aContenido: Generalidades -- Definición -- Clasificación -- Pavimentos... | ||
| 650 |
_aSuelos _919092 |
||
| 650 |
_aPavimentos _920983 |
||
| 942 |
_2ddc _cLIBROS |
||
| 945 |
_adavv _d2019-05-30 |
||